[Event "SVK-ch U12"]
[Site "Stara Lubovna"]
[Date "2021.07.02"]
[Round "8"]
[White "Toth, Marton"]
[Black "Cabak, Matej"]
[Result "0-1"]
[WhiteElo "1000"]
[BlackElo "1000"]
[PlyCount "62"]
[EventDate "2021.06.26"]
[EventType "swiss"]
[EventRounds "9"]
[EventCountry "SVK"]
[SourceTitle "CBM 203 Extra"]
[Source "ChessBase"]
[SourceDate "2021.09.30"]
[SourceVersion "1"]
[SourceVersionDate "2021.09.30"]
[SourceQuality "1"]

1. d4 d5 2. c4 e6 3. Nf3 Nf6 4. Nc3 Nc6 5. Bg5 Be7 6. e3 0-0 7. Bd3 h6 8. Bxf6 Bxf6 9. cxd5 exd5 10. 0-0 Be6 11. Bc2 Nb4 12. Bb3 c6 13. a3 Na6 14. Bc2 g6 15. b4 b6 16. b5 cxb5 17. Nxb5 Nc7 18. Nxc7 Qxc7 19. Qd2 Rac8 20. Rfc1 Qd6 21. e4 dxe4 22. Bxe4 Rxc1+ 23. Qxc1 Kg7 24. Qd2 Rh8 25. a4 a5 26. d5 Bxa1 27. dxe6 Qxd2 28. Nxd2 fxe6 29. Nc4 Rd8 30. f3 Bd4+ 31. Kf1 Bc5 0-1